00366nam a2200121Ia 4500008004100000040001700041041001200058082001600070100002000086245009800106260002900204300001100233230917s9999||||xx |||||||||||||| ||und|| e137534aMAIN aEnglish a333.7 M829A aMoroney, John R 0aAdvances in the economics of energy and resources, vol.3 economics aspedts of newttechnology. aAmericabJai pressc1980 a251 p.